Основи економічних знань. (Запис № 17415)
[ простий вигляд ]
| 000 -Маркер запису | |
|---|---|
| Контрольне поле сталої довжини | 01825nam a22002537a 4500 |
| 008 - Кодовані дані | |
| Контрольне поле сталої довжини | 260421b |||||||| |||| 00| 0 ukr d |
| 020 ## - Індекс ISBN | |
| ISBN | 5-11-004783-9 |
| Ціна | 17.00 |
| 040 ## - Джерело каталогіз. | |
| Код мови каталог. | укр. |
| 041 ## - Код мови видання | |
| Код мови оригіналу | українська |
| Код мови тексту | українська |
| 080 ## - Індекс УДК | |
| Індекс УДК | 338:336(075) |
| 090 ## - Шифри | |
| Поличний індекс | 338:336(075) |
| Авторський знак | Г 17 |
| 100 ## - Автор | |
| Автор | Гальчинський, Анатолій |
| 245 ## - Назва | |
| Назва | Основи економічних знань. |
| Відповідальність | Редактор В. В. Півень |
| Фізичний носій | Текст |
| 260 ## - Вихідні дані | |
| Місце видання | Київ |
| Видавництво | Вища школа |
| Дата видання | 1998 |
| 300 ## - Фізичний опис | |
| Обсяг | 544 с. |
| Ілл./тип відтвор. | Іл. |
| Тип одиниці | В опр. |
| 520 ## - Анотація | |
| Анотація | У навчальному посібнику в науково-популярній формі викладено найновітніші досягнення світової економічної науки та сучасної практики перехідного періоду в Україні. Це курс, що вивчається в університетах по всьому світу. Він допомагає зрозуміти економічні процеси, як-от інфляція, безробіття, державний бюджет, та прийняти обґрунтовані рішення щодо роботи та бізнесу. Вивчає теми економічного розвитку, функціонування підприємств, податків та банківської системи. |
| 521 ## - Примітка про цільове призначення | |
| Примітка про цільове призначення | Для широкого кола читачів |
| 546 ## - Примітка про мову | |
| Примітка про мову | укр. |
| 650 ## - Тематичні рубрики | |
| Основна рубрика | Навчальне видання |
| 653 ## - Ключові слова | |
| Ключові слова | Розвиток економічної теорії. |
| -- | Ринок. |
| -- | Виробництво. |
| -- | Поділ праці. |
| 655 ## - Термін індексування — жанр/форма | |
| Жанр/форма | Економіка |
| Типове ділення | Навчальний посібник |
| 700 ## - Інші автори | |
| Інші автори | Єщенко П.С, Палкін Ю.І |
| 942 ## - ADDED ENTRY ELEMENTS (KOHA) | |
| Джерело класифікації чи схема поличного розташування | |
| Koha item type | Книги |
| Статус вилучення | Статус втрати/відсутності | Джерело класифікації чи схема поличного розташування | Статус пошкодження | Тип обігу (не для випозичання) | Постійне розташування | Поточне розташування | Розташування у відділі | Дата надходження | Інвентарний номер | Total Checkouts | Повний (примірниковий) шифр зберігання | Штрих-код | Date last seen | Дата, для якої чинна ціна заміни | Тип одиниці (рівень примірника) |
|---|---|---|---|---|---|---|---|---|---|---|---|---|---|---|---|
| Бібліотека-філія № 1 для дітей | Бібліотека-філія № 1 для дітей | Читальна зала старший відділ | 21/04/2026 | 48530 | 338:336(075) | 16606 | 21/04/2026 | 21/04/2026 | Книги |